Statistics for Type 1 - 30

Click here to take the quiz!

General Stats

  • This quiz has been taken 6,273 times
  • The average score is 23 of 30

Answer Stats

Type Fast!% Correct
1
100%
2
99%
3
99%
4
98%
5
98%
6
98%
7
97%
8
97%
9
97%
10
91%
11
90%
12
90%
13
87%
14
87%
15
85%
16
84%
17
81%
18
79%
19
77%
20
68%
21
67%
22
61%
23
58%
24
52%
25
48%
26
45%
27
43%
28
39%
29
36%
30
31%

Score Distribution

Percentile by Number Answered

Percent of People with Each Score

Your Score History

You have not taken this quiz